| 000 | 00688cam a2200253 4500 | ||
|---|---|---|---|
| 008 | 090401t1996 xxu||||| |||| 00| 0 eng d | ||
| 020 | _a1860810985 | ||
| 035 | _a(Sirsi) u61740 | ||
| 041 | _aeng | ||
| 050 | _a690 | ||
| 110 | _aBuilding Research Establishment | ||
| 245 | _aDamage to buildings caused by trees. | ||
| 260 |
_aGarston, Watford _bBuilding Research Establishment _c1996 |
||
| 300 | _a4p. : ill. ; 30cm. | ||
| 350 | _a0 | ||
| 490 |
_aBRE Good Repair Guide _v2 |
||
| 650 | _aBUILDING DEFECTS | ||
| 650 | _aCRACKS | ||
| 650 | _aGOOD REPAIR GUIDE | ||
| 650 | _aTREE ROOTS | ||
| 690 | _aBUILT ENVIRONMENT-BUILDING PATHOLOGY | ||
| 942 | _n0 | ||
| 948 | _c04/03/1997 | ||
| 999 |
_c94345 _d94345 |
||